|
|
|
|
| LEADER |
01054nam a2200277 a 4500 |
| 001 |
4859 |
| 003 |
BD-DhAAL |
| 005 |
20151003204327.0 |
| 008 |
151003s2000 bg b 000 0 eng |
| 010 |
|
|
|a 2002301612
|
| 040 |
|
|
|a DLC
|c DLC
|d BD-DhAAL
|
| 050 |
0 |
0 |
|a HV40.8.B35
|b A36 2000
|
| 082 |
|
|
|a 361/.0085492
|
| 100 |
1 |
|
|a Ahmad, Mokbul Morshed.
|9 15083
|
| 245 |
1 |
0 |
|a Donors NGOs, the state, and their clients in Bangladesh /
|c Mokbul Morshed Ahmad.
|
| 260 |
|
|
|a Dhaka :
|b Maniruddin Ahmed and Lutfun Nahar,
|c 2000.
|
| 300 |
|
|
|a 204 p. ;
|c 22 cm.
|
| 504 |
|
|
|a Includes bibliographical references.
|
| 541 |
|
|
|e 4859
|
| 650 |
|
0 |
|a Social workers
|z Bangladesh.
|9 15084
|
| 650 |
|
0 |
|a Non-governmental organizations
|x Employees
|z Bangladesh.
|9 15085
|
| 650 |
|
0 |
|a Rural development
|z Bangladesh.
|9 15086
|
| 651 |
|
0 |
|a Bangladesh
|x Social conditions.
|9 15087
|
| 942 |
|
|
|2 ddc
|c BK
|
| 999 |
|
|
|c 35673
|d 35673
|
| 952 |
|
|
|0 0
|1 0
|2 ddc
|4 0
|6 361_000000000000000__0085492_AHM
|7 0
|9 56098
|a SCL
|b SCL
|c GEN
|d 2015-10-03
|g 300.00
|l 0
|o 361.0085492 AHM
|p 3020004859
|r 2015-10-03
|t 1
|w 2015-10-03
|y BK
|